000 00535nam a2200193Ia 4500
005 20250508160516.0
008 008 250505s9999 xx 000 0 eng d
037 _aTextual
040 _aFEDL
_beng
_cFEDL
041 _aeng
_2eng
084 _a001.422, BRO
_qFEDL
100 _aBrookes B C
_9282307
245 0 _aIntroduction to statistical method
260 _aLondon, UK
_bHeinemann
_c1951
300 _axii,332p.
650 _aStatistical Methods
942 _cTEXL
_h001.422, BRO
999 _c1365045
_d1365045